000 01107cam a2200253 4500
001 ABS66862
008 030805n2003 000 0 eng u
035 _a(Sirsi) u123202
100 _aHornby, J.
245 2 _aA growing concern
260 _c2003
490 _aEstates Gazette
_v(0329) 19 July 2003, 112-113(2)
520 _aThis "Mainly for students" article identifies problems which can arise from trees ranging from blocking light to property damage and disputes with neighbours. Provides definitions of a tree, and looks at tree preservation orders and the responsibility of local planning authorities for their enforcement. Gives a range of circumstances where trees can be considered to be a nuisance such as tree roots encroaching onto neighbouring land and overhanging branches onto a public footpath.
590 _aABS
650 _aTREES
650 _aTREE ROOTS
650 _aTREE PRESERVATION ORDERS (TPOs)
650 _aNUISANCE
650 _aBoundary disputes
_96221
650 _aHEDGES
650 _aLEYLANDII HEDGES
690 _aBoundary disputes
_96221
942 _n0
999 _c73171
_d73171